Złota Piłka 2018 - Top 10 - Statystyki

Ogólne statystyki
  • Ten quiz został rozwiązany 838 razy
  • Średni wynik to 9 z 10
Statystyki odpowiedzi
Lp. Klub Kraj Zawodnik % Poprawnych
2 Juventus Portugalia Cristiano Ronaldo
100%
1 Real Madryt Chorwacja Luka Modric
100%
5 Barcelona Argentyna Lionel Messi
99%
6 Liverpool Egipt Mohamed Salah
99%
10 Tottenham Anglia Harry Kane
97%
4 PSG Francja Kylian Mbappe
97%
9 Man City Belgia Kevin De Bruyne
94%
3 Atletico Francja Antoine Griezmann
87%
8 Chelsea Belgia Eden Hazard
86%
7 Real Madryt Francja Raphael Varane
63%
Nie znaleziono quizów pasujących do podanych kryteriów
Rozkład punktacji
Procent ludzi z każdym wynikiem
Percentyl według liczby udzielonych odpowiedzi
Twoja historia wyników
Nie rozwiązałeś tego quizu